00918 2200325 4500001002100000005001500021035002000036007000300056040001700059043000900076100009300085245003000178250001400208300003300222020002200255041001300277082002000290084002000310264003700330336001500367337001300382338001500395650002000410850001200430990003000442990003000472990003000502990003000532990003000562INLIS00000000106899420260416090709 a0010-0426000107ta aJKPNPNAbRDA aa-io aABU UMAR BASYIERtSEPERTI BARU KEMARIN SAJAtABU UMAR BASYIERtSEPERTI BARU KEMARIN SAJA aSEPERTI BARU KEMARIN SAJA aCetakan I a300 Hlm :bIlustrasi ;c21cm a978-602-9330-17-5 aRDAbIND a899.221.3 ABU s a899.221.3 ABU s aSurabaya :bSHAFA PUBLIKA,c2021 2rdacontent 2rdamedia 2rdacarrier aFiksi Indonesia aJKPNPNA a47262/DAU PENDIDIKAN/2025 a47263/DAU PENDIDIKAN/2025 a47264/DAU PENDIDIKAN/2025 a47265/DAU PENDIDIKAN/2025 a47266/DAU PENDIDIKAN/2025